000 00232nam a22000857a 4500
008 160713b xxu||||| |||| 00| 0 eng d
100 _92733
_a Wickenden, D
245 _aTobias Brandywine
260 _aChicago
_b Peoples Book Club
_cMCMXLVIII
999 _c2374
_d2374